| 000 | 01281pam a2200313 a 4500 | ||
|---|---|---|---|
| 999 |
_c7012 _d7012 |
||
| 001 | 3014734 | ||
| 003 | OSt | ||
| 005 | 20210824112138.0 | ||
| 008 | 940531s1994 enka b 001 0 eng | ||
| 010 | _a 94021987 | ||
| 020 |
_a0199635048 (pbk.) : _c$41.50 |
||
| 020 |
_a0199635056 : _c$75.00 |
||
| 040 |
_aDLC _cDLC _dDLC |
||
| 050 | 0 | 0 |
_aQP624.75.P74 _bR57 1994 |
| 082 | 0 | 0 | _a572.8RNA 1994 |
| 245 | 0 | 0 |
_aRNA-protein interactions / _cedited by Kiyoshi Nagai and Iain W. Mattaj. |
| 260 |
_aOxford ; _aNew York : _bIRL Press at Oxford University Press, _cc1994. |
||
| 300 |
_axviii, 272 p. : _bill. ; _c25 cm. |
||
| 440 | 0 |
_aFrontiers in molecular biology ; _v[6] _914386 |
|
| 504 | _aIncludes bibliographical references and index. | ||
| 650 | 0 |
_aRNA-protein interactions. _914387 |
|
| 700 | 1 |
_aNagai, Kiyoshi. _914388 |
|
| 700 | 1 |
_aMattaj, Iain W. _914389 |
|
| 856 | 4 | 2 |
_3Publisher description _uhttp://www.loc.gov/catdir/enhancements/fy0605/94021987-d.html |
| 856 | 4 | 1 |
_3Table of contents only _uhttp://www.loc.gov/catdir/enhancements/fy0605/94021987-t.html |
| 906 |
_a7 _bcbc _corignew _d1 _eocip _f19 _gy-gencatlg |
||
| 942 |
_2ddc _cO_SHELF |
||